| 000 | 00359pab a2200145 454500 | ||
|---|---|---|---|
| 008 | 180718b2004 xxu||||| |||| 00| 0 eng d | ||
| 100 | _aRastogi, Anupam | ||
| 245 | _aRaising resources for railway projects | ||
| 260 | _c2004 | ||
| 300 | _ap.2503-510. | ||
| 362 | _a12 Jun | ||
| 650 | _aRailways | ||
| 773 | _aEconomic and Political Weekly | ||
| 909 | _a61162 | ||
| 999 |
_c61162 _d61162 |
||